Presidential Lifespans - Statistics

General Stats
  • This quiz has been taken 54 times
  • The average score is 9 of 15
Answer Stats
Born During Died During Answer % Correct
Calvin Coolidge Joe Biden Jimmy Carter
100%
William Taft Bill Clinton Richard Nixon
79%
William Taft George W. Bush Ronald Reagan
77%
Chester A. Arthur Franklin Roosevelt Franklin Roosevelt
66%
Benjamin Harrison Richard Nixon Dwight Eisenhower
62%
Chester A. Arthur Richard Nixon Harry Truman
60%
George Washington Abraham Lincoln John Tyler
60%
James Buchanan Woodrow Wilson Theodore Roosevelt
57%
Thomas Jefferson Abraham Lincoln Abraham Lincoln
55%
Thomas Jefferson Ulysses S. Grant Andrew Johnson
55%
Ulysses S. Grant Lyndon B. Johnson Herbert Hoover
55%
Theodore Roosevelt Richard Nixon Lyndon B. Johnson
53%
James Buchanan Herbert Hoover William Taft
53%
Franklin Pierce Calvin Coolidge Woodrow Wilson
51%
James Monroe Grover Cleveland Ulysses S. Grant
47%
No matching quizzes found
Score Distribution
Percent of People with Each Score
Percentile by Number Answered
Your Score History
You have not taken this quiz